| 000 | 00792cam a2200193 4500 | ||
|---|---|---|---|
| 001 | WS108217 | ||
| 008 | 000000n 000 0 eng u | ||
| 035 | _a(Sirsi) u108217 | ||
| 110 |
_aInternational Valuation Standards Committee _93611 |
||
| 245 | _aInternational Valuation Standards Committee | ||
| 520 | _aWeb site for this international committee including full text of the current standards and statements of applications and performance guidance. | ||
| 650 | _aINTERNATIONAL VALUATION STANDARDS | ||
| 650 | 2 | 4 | _aINTERNATIONAL VALUATION STANDARDS COUNCIL (IVSC) |
| 650 | _aVALUATION STANDARDS | ||
| 650 | _aGUIDANCE NOTES | ||
| 690 | _aPROPERTY-PROPERTY APPRAISAL AND VALUATION | ||
| 856 | 4 | 0 |
_uhttps://www.ivsc.org _zView the website free of charge at www.ivsc.org... |
| 942 | _n0 | ||
| 999 |
_c119636 _d119636 |
||